|
|
|
|
| LEADER |
00000nmm a2200000 a 4500 |
| 008 |
180919b ||||| |||| 00| | spa d |
| 999 |
|
|
|c 2427
|d 2427
|
| 090 |
|
|
|b CD # 160
|
| 245 |
1 |
0 |
|a Proyecto manejo de la disciplina en el aula y el centro educativo: marcha por la No Violencia escuela José Martí, San Isidro de Heredia (disco compacto)
|
| 260 |
|
|
|a [lugar de publicación no identificado] :
|b [productor no identificdo,
|c [fecha de publicación no identificada]
|
| 300 |
|
|
|a 1 Disco Compacto
|
| 650 |
1 |
4 |
|a DISCIPLINA ESCOLAR
|9 709
|
| 650 |
1 |
4 |
|a ESTABLECIMIENTOS DE ENSEÑANZA
|9 1519
|
| 650 |
1 |
4 |
|a VIOLENCIA
|9 71
|
| 942 |
|
|
|i 003459
|h CD # 160
|2 z
|c 08
|